RZECZY, KTÓRYCH NIE ZAŁOŻYMY W UPALNY DZIEŃ W ŚRODKU LATA - Statystyki

Ogólne statystyki
  • Ten quiz został rozwiązany 235 razy
  • Średni wynik to 4 z 7
Statystyki odpowiedzi
Odpowiedź % Poprawnych
Kurtka
95%
Czapka
87%
Szalik
83%
Sweter
49%
Płaszcz
41%
Buty Zimowe
36%
Długie spodnie
28%
Nie znaleziono quizów pasujących do podanych kryteriów
Rozkład punktacji
Procent ludzi z każdym wynikiem
Percentyl według liczby udzielonych odpowiedzi
Twoja historia wyników
Nie rozwiązałeś tego quizu